[Event "ch-RUS Blitz Women 2017"]
[Site "Sochi RUS"]
[Date "2017.10.02"]
[Round "18.15"]
[White "Strukova, Ksenia"]
[Black "Nebolsina, Vera"]
[Result "0-1"]
[BlackTitle "WGM"]
[WhiteElo "2052"]
[BlackElo "2220"]
[WhiteFideId "34106623"]
[BlackFideId "4163591"]
[EventDate "2017.10.02"]
[EventType "blitz"]

1. e4 c5 2. Nc3 Nc6 3. d3 g6 4. g3 Bg7 5. Bg2 d6 6. f4 e6 7. Nf3 Nge7 8. O-O O-O
9. Be3 Rb8 10. a4 a6 11. Qd2 b5 12. axb5 axb5 13. Rab1 b4 14. Ne2 Bb7 15. Rfd1
e5 16. fxe5 Nxe5 17. Nxe5 Bxe5 18. Bf4 Bg7 19. Rf1 Qb6 20. Kh1 f5 21. Qe3 Rbe8
22. exf5 Bxg2+ 23. Kxg2 Nxf5 24. Qf3 Kh8 25. h4 Rf7 26. Ng1 Nd4 27. Qd5 Rf5 28.
Qc4 Qb7+ 29. Kh2 Be5 30. Rbe1 Ref8 31. Bxe5+ dxe5 32. Rxf5 Rxf5 33. c3 Rf2+ 34.
Kh3 Qg2+ 35. Kg4 Rf4+ 36. Kg5 Qxg3+ 37. Kh6 Qxh4# 0-1

[Event "ch-RUS Blitz Women 2017"]
[Site "Sochi RUS"]
[Date "2017.10.02"]
[Round "18.16"]
[White "Protopopova, Anastasiya"]
[Black "Chan, Naruna"]
[Result "1-0"]
[WhiteTitle "WFM"]
[WhiteElo "2219"]
[BlackElo "1982"]
[WhiteFideId "24172073"]
[BlackFideId "24124290"]
[EventDate "2017.10.02"]
[EventType "blitz"]

1. d4 f5 2. c4 d6 3. g3 Nf6 4. Bg2 g6 5. Nf3 Bg7 6. Nc3 O-O 7. O-O c6 8. Qb3 Kh8
9. Rd1 Qc7 10. d5 e5 11. dxe6 Bxe6 12. Bf4 Rd8 13. Qa3 Ne8 14. c5 Be5 15. Nxe5
dxe5 16. Bxe5+ Qxe5 17. Rxd8 Bf7 18. Rad1 Kg7 19. Qb4 Na6 20. Qxb7 Rxd8 21. Rxd8
Nxc5 22. Qxc6 Ne6 23. Rxe8 Bxe8 24. Qxe8 Qd6 25. Qc6 Qe5 26. h4 Nd4 27. Qb7+ Kh6
28. Qd5 Nxe2+ 29. Nxe2 Qxe2 30. Qd4 Qe1+ 31. Kh2 Qb1 32. Qe3+ Kg7 33. Qe7+ 1-0

[Event "ch-RUS Blitz Women 2017"]
[Site "Sochi RUS"]
[Date "2017.10.02"]
[Round "19.1"]
[White "Kashlinskaya, Alina"]
[Black "Goryachkina, Aleksandra"]
[Result "1-0"]
[WhiteTitle "IM"]
[BlackTitle "WGM"]
[WhiteElo "2455"]
[BlackElo "2478"]
[WhiteFideId "4198026"]
[BlackFideId "4147103"]
[EventDate "2017.10.02"]
[EventType "blitz"]

1. d4 d5 2. c4 e6 3. Nf3 Nf6 4. Nc3 Be7 5. Bf4 O-O 6. e3 b6 7. Be2 Bb7 8. O-O c5
9. cxd5 Nxd5 10. Nxd5 Qxd5 11. dxc5 Bxc5 12. Qxd5 Bxd5 13. a3 a5 14. Rac1 Nd7
15. Rfd1 Nf6 16. Ne5 h6 17. Nd3 Be7 18. Bc7 b5 19. Nf4 b4 20. Nxd5 Nxd5 21. a4
Nxc7 22. Rxc7 Bf6 23. b3 Rfc8 24. Rdd7 Be5 25. Rxc8+ Rxc8 26. f4 Bf6 27. Bc4 g6
28. Ra7 Bd8 29. Rb7 Kf8 30. Kf2 Rc7 31. Rb8 Ke7 32. Ke2 Rd7 33. g4 g5 34. Rb5
Kf8 35. Rb8 Ke7 36. Bb5 Rd6 37. Rb7+ Kf8 38. Bc4 Rb6 39. Rd7 Ke8 40. Bb5 Rxb5
41. Rxd8+ Kxd8 42. axb5 Kc7 43. Kd3 Kb6 44. Kc4 f5 45. h3 fxg4 46. hxg4 h5 47.
fxg5 h4 48. g6 h3 49. g7 1-0

[Event "ch-RUS Blitz Women 2017"]
[Site "Sochi RUS"]
[Date "2017.10.02"]
[Round "19.2"]
[White "Charochkina, Daria"]
[Black "Bodnaruk, Anastasia"]
[Result "0-1"]
[WhiteTitle "IM"]
[BlackTitle "IM"]
[WhiteElo "2321"]
[BlackElo "2432"]
[WhiteFideId "4180917"]
[BlackFideId "4181751"]
[EventDate "2017.10.02"]
[EventType "blitz"]

1. d4 Nf6 2. Bf4 g6 3. Nc3 d5 4. e3 Bg7 5. h4 h6 6. Be2 a6 7. Nf3 Ng4 8. Ne5
Nxe5 9. dxe5 Be6 10. Qd2 c6 11. O-O-O Nd7 12. e4 dxe4 13. Nxe4 Nxe5 14. Qc3 Qc7
15. Nc5 Bd5 16. Kb1 O-O 17. Nb3 Rad8 18. g4 Bxh1 19. Rxh1 c5 20. Qe3 c4 21. Nc1
c3 22. bxc3 Rd5 23. Nb3 Rc8 24. Bf3 Rd7 25. Re1 Qxc3 26. Qxc3 Rxc3 27. Be2 Nc4
28. Bxc4 Rxc4 29. Bg3 Rxg4 30. Nc5 Rd5 31. Nd3 Kf8 32. Bc7 Rc4 33. Bf4 Rxd3 34.
cxd3 Rxf4 0-1

[Event "ch-RUS Blitz Women 2017"]
[Site "Sochi RUS"]
[Date "2017.10.02"]
[Round "19.3"]
[White "Voit, Daria"]
[Black "Nechaeva, Marina"]
[Result "1/2-1/2"]
[WhiteTitle "FM"]
[BlackTitle "IM"]
[WhiteElo "2387"]
[BlackElo "2431"]
[WhiteFideId "4182146"]
[BlackFideId "4149351"]
[EventDate "2017.10.02"]
[EventType "blitz"]

1. d4 d5 2. c4 c6 3. Nf3 Nf6 4. Nc3 e6 5. e3 Nbd7 6. Qc2 b6 7. b3 Bb7 8. Bb2 Bd6
9. Be2 O-O 10. O-O Rc8 11. Rfd1 Qc7 12. Rac1 Rfd8 13. Bf1 Qb8 14. g3 c5 15. cxd5
exd5 16. Bg2 Ne4 17. Qe2 Ndf6 18. Rc2 h6 19. Rdc1 a6 20. Nxe4 Nxe4 21. Nd2 Nxd2
22. Qxd2 Be7 23. dxc5 bxc5 24. Ba3 Qa7 25. Qa5 d4 26. Bxb7 Qxb7 27. exd4 Rxd4
28. Bxc5 Bxc5 29. Rxc5 Rxc5 30. Qxc5 Rd2 31. Qc8+ Qxc8 32. Rxc8+ Kh7 33. a4 Rb2
34. Rc3 h5 35. h4 f6 36. Kg2 Kg6 37. Kf3 Kf5 38. Ke3 Ke5 39. Rc5+ Kd6 40. Rc3
Ke5 41. f3 Kd5 42. Kf4 g6 43. Rd3+ Ke6 44. Ke4 g5 45. hxg5 fxg5 46. f4 gxf4 47.
Kxf4 Rh2 48. Re3+ Kd5 49. Re5+ Kc6 50. Re6+ Kb7 51. Kg5 Rh3 52. Re3 a5 53. Kf4
h4 54. g4 Rh1 55. Re5 Kb6 56. Rb5+ Ka6 57. g5 Rg1 58. Re5 Kb6 59. Re6+ Kc5 60.
Rh6 Rh1 61. g6 Kb4 62. Kf5 Kxb3 63. g7 Rf1+ 64. Ke6 Rg1 65. Kf7 Rxg7+ 66. Kxg7
Kxa4 67. Rxh4+ Kb3 68. Rh3+ Kb2 69. Rh2+ Kb3 70. Rh3+ Kb2 71. Kf6 a4 72. Ke5 a3
73. Kd4 a2 74. Rh2+ Kb3 75. Rh1 Kb2 76. Rh2+ Kb3 77. Ke5 1/2-1/2

[Event "ch-RUS Blitz Women 2017"]
[Site "Sochi RUS"]
[Date "2017.10.02"]
[Round "19.4"]
[White "Drozdova, Dina"]
[Black "Girya, Olga"]
[Result "1/2-1/2"]
[WhiteTitle "WIM"]
[BlackTitle "WGM"]
[WhiteElo "2209"]
[BlackElo "2505"]
[WhiteFideId "4170695"]
[BlackFideId "4195752"]
[EventDate "2017.10.02"]
[EventType "blitz"]

1. d4 d5 2. c4 e6 3. Nc3 a6 4. cxd5 exd5 5. Nf3 Nf6 6. Bg5 Be6 7. e3 Nbd7 8. Rc1
h6 9. Bh4 Bd6 10. Bd3 O-O 11. Bg3 Bxg3 12. hxg3 Bg4 13. Qc2 Re8 14. Bf5 Bxf5 15.
Qxf5 c6 16. O-O Ne4 17. Nxe4 Rxe4 18. Nd2 Re6 19. b4 Nb6 20. Qc2 h5 21. a4 h4
22. a5 Nd7 23. gxh4 Qxh4 24. Nf3 Qh5 25. Rfe1 Rg6 26. Kf1 Re8 27. Ke2 Rxg2 28.
Rh1 Qg6 29. Qxg6 Rxg6 30. Rh4 Rd6 31. Rch1 f6 32. Rg1 Re4 33. Rh3 Nf8 34. Nh4
Rd7 35. Nf5 g6 36. Ng3 Re8 37. Kf3 Rh7 38. Rxh7 Nxh7 39. Ne2 Kf7 40. Nc3 Ng5+
41. Ke2 Ne6 42. Na4 Rh8 43. Kf3 Ng5+ 44. Ke2 Ne4 45. Nc5 Nd6 46. Kf3 g5 47. Ke2
Kg6 48. Kd3 Rh2 49. f3 Rb2 50. Kc3 Rf2 51. Rg3 Nf5 52. Rh3 Nxe3 53. Nxb7 Nd1+
54. Kd3 Nb2+ 55. Kc3 Nd1+ 56. Kd3 f5 57. Nc5 Nb2+ 58. Kc3 Nd1+ 59. Kd3 Rb2 60.
Nxa6 Nf2+ 61. Kc3 Nxh3 62. Kxb2 g4 63. fxg4 fxg4 64. Nc5 g3 65. a6 g2 66. a7
g1=Q 67. a8=Q Qxd4+ 68. Kb3 Qc4+ 69. Ka3 Qc3+ 70. Nb3 Ng5 71. Qe8+ Kf5 72. Qxc6
Qxc6 73. Nd4+ Ke4 74. Nxc6 Ne6 75. b5 d4 76. Nxd4 Kxd4 1/2-1/2

[Event "ch-RUS Blitz Women 2017"]
[Site "Sochi RUS"]
[Date "2017.10.02"]
[Round "19.5"]
[White "Bivol, Alina"]
[Black "Pogonina, Natalija"]
[Result "1/2-1/2"]
[WhiteTitle "WGM"]
[BlackTitle "WGM"]
[WhiteElo "2356"]
[BlackElo "2466"]
[WhiteFideId "4100123"]
[BlackFideId "4147855"]
[EventDate "2017.10.02"]
[EventType "blitz"]

1. Nf3 d5 2. g3 Bg4 3. Bg2 Nd7 4. d3 Ngf6 5. h3 Bxf3 6. Bxf3 e5 7. Bg2 Bd6 8. c4
c6 9. O-O O-O 10. cxd5 Nxd5 11. Nc3 N7f6 12. a3 Nc7 13. Qc2 Ne6 14. e3 Qd7 15.
b4 a5 16. Rb1 axb4 17. axb4 Nc7 18. Rd1 Nfd5 19. Nxd5 cxd5 20. Qb3 Be7 21. Bb2
Qd6 22. Rdc1 Rac8 23. Ra1 Rfd8 24. Kh2 h6 25. b5 Rb8 26. Ba3 Qd7 27. b6 Ne6 28.
Bxe7 Qxe7 29. Bxd5 Rd6 30. Ra7 Qd8 31. Bxe6 Rxe6 32. Rc7 Rf6 33. Kg2 Qd6 34. e4
Qxb6 35. Qxb6 Rxb6 36. Kf3 Rb3 37. Ke2 Rb2+ 38. Ke3 Rb3 39. Ke2 Rb2+ 40. Ke3 Rb3
41. Ke2 Rb2+ 1/2-1/2

[Event "ch-RUS Blitz Women 2017"]
[Site "Sochi RUS"]
[Date "2017.10.02"]
[Round "19.6"]
[White "Vasilevich, Tatjana"]
[Black "Kharmunova, Nadezhda"]
[Result "1-0"]
[WhiteTitle "IM"]
[BlackTitle "WIM"]
[WhiteElo "2360"]
[BlackElo "2199"]
[WhiteFideId "14101610"]
[BlackFideId "4195876"]
[EventDate "2017.10.02"]
[EventType "blitz"]

1. d4 Nf6 2. c4 e6 3. Nc3 d5 4. cxd5 exd5 5. Bg5 Be7 6. e3 O-O 7. Bd3 c6 8. Qc2
Nbd7 9. Nf3 Re8 10. O-O Ne4 11. Bxe4 dxe4 12. Nxe4 f6 13. Bf4 Nf8 14. Nc5 b6 15.
Nb3 Ba6 16. Rfd1 Rc8 17. Rac1 Qd5 18. e4 Qh5 19. e5 Ng6 20. Bg3 f5 21. h3 f4 22.
Bh2 c5 23. Qe4 cxd4 24. Nbxd4 Bc4 25. Nf5 Bxa2 26. Rxc8 Rxc8 27. Bxf4 Bb3 28.
Rd7 Be6 29. Nxe7+ Kf7 30. Ng5+ Ke8 31. Nxc8 Bxd7 32. Nd6+ Ke7 33. e6 Nxf4 34.
Nf5+ Kd8 35. Qxf4 1-0

[Event "ch-RUS Blitz Women 2017"]
[Site "Sochi RUS"]
[Date "2017.10.02"]
[Round "19.7"]
[White "Styazhkina, Anna"]
[Black "Belenkaya, Dina"]
[Result "0-1"]
[WhiteTitle "WIM"]
[BlackTitle "WGM"]
[WhiteElo "2301"]
[BlackElo "2346"]
[WhiteFideId "24119300"]
[BlackFideId "24142654"]
[EventDate "2017.10.02"]
[EventType "blitz"]

1. e4 c6 2. d4 d5 3. e5 c5 4. c3 Nc6 5. Be2 Bf5 6. Nf3 e6 7. O-O Nge7 8. dxc5
Bg4 9. Nd4 Bxe2 10. Qxe2 Ng6 11. Qb5 Qc7 12. f4 a6 13. Qa4 Bxc5 14. Be3 O-O 15.
Nd2 Bxd4 16. cxd4 Nge7 17. Bf2 Rac8 18. Rac1 Qb6 19. Nb3 Na7 20. Qa3 Nec6 21.
Nc5 Rfd8 22. Qg3 Nb5 23. f5 exf5 24. Qf4 Ne7 25. Bh4 Ng6 26. Qxf5 Nxh4 27. Qxf7+
Kh8 28. e6 Nd6 29. Qe7 Ng6 30. Qg5 Ne4 31. Qf5 Nxc5 32. dxc5 Qc7 33. b4 Re8 34.
Qxd5 Rcd8 35. Qf5 Qe5 36. Rce1 Qxf5 37. Rxf5 Rd4 38. a3 Ne7 39. Rf7 Kg8 40. Ref1
Re4 41. Rd1 Rxe6 42. Rf3 Nc6 43. Rd7 R6e7 0-1

[Event "ch-RUS Blitz Women 2017"]
[Site "Sochi RUS"]
[Date "2017.10.02"]
[Round "19.8"]
[White "Travkina, Anastasia"]
[Black "Maltsevskaya, Aleksandra"]
[Result "0-1"]
[WhiteTitle "WFM"]
[WhiteElo "2221"]
[BlackElo "2260"]
[WhiteFideId "24129151"]
[BlackFideId "24174041"]
[EventDate "2017.10.02"]
[EventType "blitz"]

1. e4 c5 2. Nf3 Nc6 3. d4 cxd4 4. Nxd4 e6 5. Nc3 a6 6. Bf4 Qb6 7. Nxc6 bxc6 8.
Rb1 d5 9. Bd3 Nf6 10. e5 Nd7 11. O-O g6 12. Re1 Bg7 13. Qf3 Bb7 14. Nd1 c5 15.
c3 c4 16. Bc2 O-O 17. Qh3 Qc7 18. Qg3 Rae8 19. Ba4 Bc6 20. Bc2 Nc5 21. Ne3 h5
22. Nf1 Nd7 23. Nd2 Qa5 24. a3 Ba4 25. Bxa4 Qxa4 26. Nf3 Nc5 27. Bg5 Ne4 28. Qf4
Nxg5 29. Nxg5 Rb8 30. h3 Qc2 31. Rec1 Qd3 32. Nf3 Qf5 33. Qd2 Qd3 34. Qxd3 cxd3
35. Rd1 Rb7 36. Rxd3 Rfb8 37. Rd2 Rb3 38. Nd4 Rxc3 39. Rbd1 Rc4 40. b3 Rc3 41.
b4 Bxe5 42. Ne2 Rxa3 43. Rc2 Rxb4 44. Rc8+ Kg7 45. Ra8 Ra2 46. Ng3 Bxg3 47. fxg3
Rbb2 48. Kf1 Rf2+ 49. Ke1 Rae2# 0-1

[Event "ch-RUS Blitz Women 2017"]
[Site "Sochi RUS"]
[Date "2017.10.02"]
[Round "19.9"]
[White "Ubiennykh, Ekaterina"]
[Black "Semenova, Elena1"]
[Result "1-0"]
[WhiteTitle "WIM"]
[BlackTitle "WIM"]
[WhiteElo "2308"]
[BlackElo "2256"]
[WhiteFideId "4137582"]
[BlackFideId "24125148"]
[EventDate "2017.10.02"]
[EventType "blitz"]

1. d4 Nf6 2. c4 b6 3. f3 e6 4. Bg5 h6 5. Bh4 d5 6. Nc3 Be7 7. e3 Bb7 8. cxd5
exd5 9. Bd3 O-O 10. Nge2 Nh7 11. Bf2 Nd7 12. O-O c5 13. Bf5 Ng5 14. Rc1 Rc8 15.
dxc5 Bxc5 16. Nxd5 Nxf3+ 17. gxf3 Qg5+ 18. Ng3 Rcd8 19. f4 Qh4 20. Ne4 1-0

[Event "ch-RUS Blitz Women 2017"]
[Site "Sochi RUS"]
[Date "2017.10.02"]
[Round "19.10"]
[White "Sukhareva, Evgeniya"]
[Black "Ambartsumova, Karina"]
[Result "0-1"]
[BlackTitle "WGM"]
[WhiteElo "2207"]
[BlackElo "2359"]
[WhiteFideId "4167155"]
[BlackFideId "4166299"]
[EventDate "2017.10.02"]
[EventType "blitz"]

1. d4 Nf6 2. c4 g6 3. Nc3 Bg7 4. e4 d6 5. h3 O-O 6. Be3 c6 7. Be2 a6 8. a4 a5 9.
g4 Na6 10. Nf3 Nb4 11. Nd2 Nd7 12. h4 e5 13. d5 Nc5 14. Bxc5 dxc5 15. g5 f6 16.
Rg1 Qe7 17. Nf3 f5 18. Nd2 Qf7 19. f3 Bd7 20. Qb3 b6 21. O-O-O Rab8 22. dxc6
Nxc6 23. Kb1 Nd4 24. Qa2 Bc6 25. Ka1 Rfd8 26. Rge1 f4 27. Qb1 Rd6 28. b3 Rbd8
29. Nd5 Bxd5 30. cxd5 Rb8 31. Bc4 Qe8 32. Qa2 Qd8 33. Rf1 Ra8 34. Nb1 b5 35.
Bxb5 Rb6 36. Nc3 Rab8 37. Rb1 Bf8 38. Bc4 Bg7 39. Nb5 Qd7 40. Nxd4 exd4 41. Rbd1
d3+ 42. Kb1 Rb4 43. Kc1 Rxc4+ 44. bxc4 Rb2 45. Qxb2 Bxb2+ 46. Kxb2 Qg7+ 47. Kb3
Qb7+ 48. Ka2 Qb4 49. Rb1 Qxa4+ 50. Kb2 Qc2+ 51. Ka3 Qc3+ 52. Ka2 Qxc4+ 53. Ka3
d2 54. Rfd1 Qc3+ 55. Ka2 Qc2+ 56. Ka3 c4 57. e5 Qd3+ 58. Ka2 Qxd5 59. e6 c3+ 60.
Ka3 Qxe6 61. Rb8+ Kf7 62. Rdb1 Qd6+ 63. Ka2 d1=Q 64. R1b7+ 0-1

[Event "ch-RUS Blitz Women 2017"]
[Site "Sochi RUS"]
[Date "2017.10.02"]
[Round "19.11"]
[White "Kovanova, Baira"]
[Black "Bykova, Anastasia"]
[Result "1-0"]
[WhiteTitle "WGM"]
[BlackTitle "WFM"]
[WhiteElo "2371"]
[BlackElo "2234"]
[WhiteFideId "4164083"]
[BlackFideId "4164970"]
[EventDate "2017.10.02"]
[EventType "blitz"]

1. e4 c6 2. d4 d5 3. Nc3 dxe4 4. Nxe4 h6 5. Nf3 Bf5 6. Ng3 Bh7 7. Bd3 Bxd3 8.
Qxd3 Nf6 9. O-O e6 10. Re1 Be7 11. Bf4 Nbd7 12. Qe2 Nd5 13. Bd2 O-O 14. c3 Bd6
15. Ne4 Bc7 16. Rad1 Nf4 17. Qf1 Nf6 18. Ne5 N4d5 19. Nc5 Qc8 20. f4 Ne7 21. Qf3
Bd6 22. Ncd3 Qc7 23. Be3 Nfd5 24. Bd2 Qc8 25. Rf1 b6 26. c4 Nf6 27. Rc1 c5 28.
dxc5 Bxc5+ 29. Nxc5 Qxc5+ 30. Be3 Qa5 31. a3 Rac8 32. Bf2 Qa4 33. Bh4 Nf5 34.
Bxf6 gxf6 35. Qg4+ Kh7 36. Nf3 Ne3 37. Qh4 Nxf1 38. Rxf1 Qxc4 39. Qxf6 Qc5+ 40.
Kh1 Qf5 41. Qe7 Rfe8 42. Qh4 Kg7 43. Qg3+ Qg6 44. Qh4 Qd3 45. Qg3+ Kh7 46. Rg1
Qg6 47. Qh4 Rc5 48. Ne5 Qg7 49. Rd1 f6 50. Nf3 Re7 51. h3 e5 52. fxe5 fxe5 53.
Re1 Qg6 54. Qxe7+ Kg8 55. Qd8+ Kg7 56. Qe7+ Kg8 57. Nxe5 Qg3 58. Qf7+ 1-0

[Event "ch-RUS Blitz Women 2017"]
[Site "Sochi RUS"]
[Date "2017.10.02"]
[Round "19.12"]
[White "Suslova, Alena"]
[Black "Tomilova, Elena"]
[Result "0-1"]
[WhiteTitle "WFM"]
[BlackTitle "WIM"]
[WhiteElo "2227"]
[BlackElo "2307"]
[WhiteFideId "24111643"]
[BlackFideId "4162340"]
[EventDate "2017.10.02"]
[EventType "blitz"]

1. c4 c6 2. g3 d5 3. Qc2 Nf6 4. Bg2 g6 5. Nf3 Bg7 6. O-O O-O 7. d3 Nbd7 8. e4
dxe4 9. dxe4 e5 10. Rd1 Qe7 11. Be3 Nc5 12. Nc3 Bg4 13. h3 Bxf3 14. Bxf3 Ne6 15.
Bg2 b6 16. a3 Rfd8 17. Ne2 c5 18. Nc3 Nd4 19. Bxd4 cxd4 20. Nd5 Nxd5 21. cxd5
Rdc8 22. Qb3 Qc5 23. Qd3 Bh6 24. Rab1 Qc2 25. Qxc2 Rxc2 26. Kf1 Rac8 27. a4 Kf8
28. b3 Ke7 29. g4 Bf4 30. Rd3 Kd6 31. Bf3 Ra2 32. Bd1 Rc1 33. Rxc1 Bxc1 34. Ke1
Ba3 35. Kf1 Bb4 36. h4 Ra1 37. Ke2 Bc3 38. Kf1 a5 39. Ke2 Ra2+ 40. Kf1 f5 41.
gxf5 gxf5 42. exf5 e4 43. Rh3 Kxd5 0-1

[Event "ch-RUS Blitz Women 2017"]
[Site "Sochi RUS"]
[Date "2017.10.02"]
[Round "19.13"]
[White "Strukova, Ksenia"]
[Black "Bezgodova, Svetlana"]
[Result "0-1"]
[BlackTitle "WIM"]
[WhiteElo "2052"]
[BlackElo "2060"]
[WhiteFideId "34106623"]
[BlackFideId "4110650"]
[EventDate "2017.10.02"]
[EventType "blitz"]

1. e4 e5 2. Nf3 Nc6 3. Bc4 Bc5 4. c3 Nf6 5. d3 a6 6. Nbd2 Ba7 7. Nf1 d5 8. exd5
Nxd5 9. Bxd5 Qxd5 10. Ne3 Qe6 11. O-O O-O 12. Nc2 Qg6 13. Kh1 Qh5 14. Be3 Bg4
15. Bxa7 Rxa7 16. Ne3 Bxf3 17. Qxf3 Qxf3 18. gxf3 Rd8 19. Rad1 Raa8 20. Rfe1 f6
21. Ng2 Rd7 22. f4 Rad8 23. fxe5 Nxe5 24. d4 c5 25. Nf4 Kf7 26. d5 g5 27. Ne6
Rc8 28. b3 b5 29. Nxg5+ Kg6 30. Ne4 c4 31. b4 Nd3 32. Rg1+ Kf7 33. Rg2 Rxd5 34.
Rdg1 Re5 35. Nc5 Nxc5 36. Rg7+ Ke6 37. bxc5 Rcxc5 38. Rxh7 Re2 39. Ra7 Rxa2 40.
Re1+ Kf5 41. Rh7 Kg6 42. Rh8 Rg5 43. Rhe8 Rxf2 44. R8e6 a5 45. Ra1 b4 46. h4 Rd5
47. cxb4 axb4 48. Rg1+ Kf7 49. Re4 Rc5 50. Rd1 b3 51. Rd7+ Kg6 52. Rg4+ Kf5 53.
Rgd4 b2 54. Kg1 Rc2 55. Rd1 Rc1 56. Kf2 Rxd1 57. Rxd1 c3 58. h5 Kg5 59. Rh1 Kh6 0-1

[Event "ch-RUS Blitz Women 2017"]
[Site "Sochi RUS"]
[Date "2017.10.02"]
[Round "19.14"]
[White "Protopopova, Anastasiya"]
[Black "Belova, Olga"]
[Result "0-1"]
[WhiteTitle "WFM"]
[BlackTitle "WFM"]
[WhiteElo "2219"]
[BlackElo "2094"]
[WhiteFideId "24172073"]
[BlackFideId "4138422"]
[EventDate "2017.10.02"]
[EventType "blitz"]

1. d4 d5 2. Nf3 Nf6 3. c4 c6 4. g3 g6 5. Bg2 Bg7 6. O-O Ne4 7. Nbd2 O-O 8. Nxe4
dxe4 9. Ne1 Qxd4 10. Qxd4 Bxd4 11. Nc2 Bg7 12. Bxe4 Be6 13. Ne3 Nd7 14. Rb1 Nc5
15. Bc2 a5 16. b3 Rfd8 17. Ba3 Bd4 18. Ng2 b6 19. Nf4 Bc8 20. Rfd1 g5 21. Ng2
Bg4 22. Kf1 e6 23. f3 Bh3 24. Bb2 Bxb2 25. Rxb2 Rxd1+ 26. Bxd1 Rd8 27. Rb1 Rd2
28. Kf2 Rxa2 29. Ne3 Bf5 30. Nxf5 exf5 31. Ke3 Kg7 32. f4 Ne4 33. Rc1 Rb2 34.
fxg5 Nxg5 35. Kf4 Kf6 36. e3 Ne6+ 37. Kf3 Ng5+ 38. Kf4 Rf2+ 0-1

[Event "ch-RUS Blitz Women 2017"]
[Site "Sochi RUS"]
[Date "2017.10.02"]
[Round "19.15"]
[White "Potapova, Margarita"]
[Black "Garifullina, Leya"]
[Result "1-0"]
[WhiteTitle "WFM"]
[BlackTitle "WCM"]
[WhiteElo "2163"]
[BlackElo "1936"]
[WhiteFideId "14126869"]
[BlackFideId "34127035"]
[EventDate "2017.10.02"]
[EventType "blitz"]

1. d4 Nf6 2. c4 e6 3. Nf3 b6 4. a3 Bb7 5. Nc3 c5 6. d5 d6 7. e4 e5 8. Bd3 Be7 9.
O-O Nbd7 10. b4 O-O 11. h3 Re8 12. Be3 Nf8 13. Rb1 Ba6 14. Qa4 Bc8 15. bxc5 bxc5
16. Qc6 Bd7 17. Qa6 Bc8 18. Qc6 Bd7 19. Qa6 Bc8 20. Qa4 Bd7 21. Qc2 Ng6 22. Rb7
Bc8 23. Rb2 Nh5 24. Rfb1 Nhf4 25. Bf1 Rf8 26. Qa4 f5 27. Rb8 Rxb8 28. Rxb8 Qc7
29. Ra8 a6 30. exf5 Qb7 31. Qc6 Qxc6 32. dxc6 Bxf5 33. Rxa6 Be6 34. Ra7 Rc8 35.
Bxf4 exf4 36. Bd3 Bf8 37. Ng5 Re8 38. Nxe6 Rxe6 39. c7 Re8 40. Bf5 Ne7 41. Be6+
Kh8 42. Bd7 Nc8 43. Ra8 Re7 44. Rxc8 Kg8 45. Bg4 f3 46. Rxf8+ Kxf8 47. c8=Q+ 1-0

[Event "ch-RUS Blitz Women 2017"]
[Site "Sochi RUS"]
[Date "2017.10.02"]
[Round "19.16"]
[White "Gritsayeva, Oksana"]
[Black "Nebolsina, Vera"]
[Result "1/2-1/2"]
[WhiteTitle "WFM"]
[BlackTitle "WGM"]
[WhiteElo "2373"]
[BlackElo "2220"]
[WhiteFideId "14104652"]
[BlackFideId "4163591"]
[EventDate "2017.10.02"]
[EventType "blitz"]

1. Nf3 Nf6 2. d4 g6 3. Bf4 Bg7 4. e3 d6 5. h3 O-O 6. c3 b6 7. Be2 Bb7 8. O-O
Nbd7 9. a4 c5 10. Na3 Rc8 11. a5 cxd4 12. exd4 Nd5 13. Bg3 a6 14. axb6 N7xb6 15.
Re1 Re8 16. Qb3 Rb8 17. Qc2 e5 18. dxe5 dxe5 19. Nc4 Nxc4 20. Bxc4 Qc7 21. Qe2
Nf4 22. Bxf4 exf4 23. Qxe8+ Rxe8 24. Rxe8+ Bf8 25. b3 Kg7 26. Rd1 Bd6 27. Re2
Bxf3 28. gxf3 Qc5 29. Red2 Qg5+ 30. Kf1 Bb8 31. Rd7 Qh4 32. Rxf7+ Kh6 33. Kg2
Qg5+ 34. Kh2 Qh4 35. Rd2 Bd6 36. Kg2 Bc5 37. Rc7 Be3 38. fxe3 fxe3 39. Re2 Qg5+
40. Kf1 Qe5 41. Rd7 Qxc3 42. Rd3 Qa1+ 43. Kg2 Qf6 44. Rdxe3 Qg5+ 45. Kf2 Qh4+
46. Kg2 Qg5+ 47. Kf1 Qg3 48. Rf2 Qxh3+ 49. Ke2 a5 50. Re4 Qd7 51. Rh2+ Kg7 52.
Ke3 Qa7+ 53. Ke2 Qd7 54. Rf2 a4 55. bxa4 Qxa4 56. Bd3 Qa2+ 57. Kf1 Qa1+ 58. Kg2
Qf6 59. Rg4 Qd6 60. Be4 Qf6 61. Rf1 Qb2+ 62. Rf2 Qc3 63. Rh4 Qf6 64. Rh1 Qg5+
65. Kf1 Qc1+ 66. Kg2 Qg5+ 67. Kh2 Qh4+ 68. Kg1 Qg5+ 69. Rg2 Qc1+ 70. Kh2 Qh6+
71. Kg1 Qc1+ 1/2-1/2

[Event "ch-RUS Blitz Women 2017"]
[Site "Sochi RUS"]
[Date "2017.10.02"]
[Round "20.1"]
[White "Goryachkina, Aleksandra"]
[Black "Kashlinskaya, Alina"]
[Result "0-1"]
[WhiteTitle "WGM"]
[BlackTitle "IM"]
[WhiteElo "2478"]
[BlackElo "2455"]
[WhiteFideId "4147103"]
[BlackFideId "4198026"]
[EventDate "2017.10.02"]
[EventType "blitz"]

1. e4 e6 2. d4 d5 3. Bd3 dxe4 4. Bxe4 Nf6 5. Bf3 c5 6. Ne2 Nc6 7. Nbc3 Nxd4 8.
Nxd4 cxd4 9. Ne4 Be7 10. O-O O-O 11. Qd3 Nxe4 12. Bxe4 f5 13. Bf3 e5 14. Qb3+
Kh8 15. Bd5 a5 16. a4 Ra6 17. Bd2 Rd6 18. Bc4 Rg6 19. Rfe1 e4 20. Rad1 Bd6 21.
g3 b6 22. Bc1 e3 23. fxe3 Bxg3 24. hxg3 Qh4 25. Kf2 Qh2+ 26. Kf1 Rxg3 0-1

[Event "ch-RUS Blitz Women 2017"]
[Site "Sochi RUS"]
[Date "2017.10.02"]
[Round "20.2"]
[White "Bodnaruk, Anastasia"]
[Black "Charochkina, Daria"]
[Result "1-0"]
[WhiteTitle "IM"]
[BlackTitle "IM"]
[WhiteElo "2432"]
[BlackElo "2321"]
[WhiteFideId "4181751"]
[BlackFideId "4180917"]
[EventDate "2017.10.02"]
[EventType "blitz"]

1. e4 d5 2. exd5 Qxd5 3. Nc3 Qd6 4. d4 Nf6 5. Nf3 g6 6. Bc4 Bg7 7. O-O O-O 8. h3
a6 9. Qe2 b5 10. Bb3 Bb7 11. Rd1 Nc6 12. Be3 Na5 13. Ne5 Nxb3 14. axb3 Rad8 15.
f3 b4 16. Na4 Nd5 17. Nc5 Bc8 18. Ne4 Qb6 19. Bf2 Nf4 20. Qc4 Bxh3 21. Nc6 Be6
22. d5 Bxd5 23. Nxe7+ Kh8 24. Nxd5 Nh3+ 25. gxh3 Qe6 26. Nf4 Qf5 27. Ng3 Qg5 28.
h4 Qe5 29. Rxd8 Rxd8 30. Re1 Qf6 31. Qxc7 Rg8 32. Kg2 h5 33. Nd5 Qxh4 34. Qxf7
Qg5 35. Ne7 Rb8 1-0